Statistics for Countries Closest to Afghanistan - 30 Second Sprint

Click here to take the quiz!

General Stats

  • This quiz has been taken 30 times
  • The average score is 10 of 20

Answer Stats

kmcountrymiles% Correct
0Iran0
88%
0Pakistan0
88%
211India131
81%
1204Iraq748
73%
0China0
69%
0Tajikistan0
65%
0Turkmenistan0
65%
300Kazakhstan187
50%
101Kyrgyzstan62
50%
1016Nepal631
46%
0Uzbekistan0
46%
576Oman358
38%
1301Russia808
38%
1202Kuwait747
35%
1010Qatar628
35%
976Saudi Arabia606
31%
627United Arab
Emirates
390
27%
1077Bahrain669
23%
1086Azerbaijan675
19%
1355Armenia842
15%

Score Distribution

Percentile by Number Answered

Percent of People with Each Score

Your Score History

You have not taken this quiz